<?xml version="1.0" encoding="UTF-8"?>
<record
    xmlns:xsi="http://www.w3.org/2001/XMLSchema-instance"
    xsi:schemaLocation="http://www.loc.gov/MARC21/slim http://www.loc.gov/standards/marcxml/schema/MARC21slim.xsd"
    xmlns="http://www.loc.gov/MARC21/slim">

  <leader>02758nam0a2200409   4500</leader>
  <controlfield tag="001">RU\NLR\BIBL_A\012791522</controlfield>
  <controlfield tag="005">20220720200306.0</controlfield>
  <datafield tag="010" ind1=" " ind2=" ">
    <subfield code="a">978-5-6047623-2-5</subfield>
  </datafield>
  <datafield tag="021" ind1=" " ind2=" ">
    <subfield code="a">RU</subfield>
    <subfield code="b">&#x41A;&#x41D;-&#x41F;-22-006617</subfield>
    <subfield code="9">&#x41A;&#x41D;-&#x41F;-22-0530</subfield>
  </datafield>
  <datafield tag="035" ind1=" " ind2=" ">
    <subfield code="a">(NLR Aleph) 012791522</subfield>
  </datafield>
  <datafield tag="035" ind1=" " ind2=" ">
    <subfield code="a">(RuMoRGB)010971591</subfield>
  </datafield>
  <datafield tag="090" ind1=" " ind2=" ">
    <subfield code="a">13154449</subfield>
    <subfield code="c">13154449</subfield>
  </datafield>
  <datafield tag="100" ind1=" " ind2=" ">
    <subfield code="a">20220518d2021    k  y0rusy50      ca</subfield>
  </datafield>
  <datafield tag="101" ind1="0" ind2=" ">
    <subfield code="a">ukr</subfield>
  </datafield>
  <datafield tag="102" ind1=" " ind2=" ">
    <subfield code="a">RU</subfield>
  </datafield>
  <datafield tag="105" ind1=" " ind2=" ">
    <subfield code="a">a|||z|||000zy</subfield>
  </datafield>
  <datafield tag="200" ind1="1" ind2=" ">
    <subfield code="a">&#x422;&#x432;&#x43E;&#x440;&#x447;i&#x441;&#x442;&#x44C; &#x41B;&#x435;&#x441;i &#x423;&#x43A;&#x440;&#x430;&#xEF;&#x43D;&#x43A;&#x438; &#x442;&#x430; i&#x43D;&#x448;&#x438;&#x445; &#x43F;&#x438;&#x441;&#x44C;&#x43C;&#x435;&#x43D;&#x43D;&#x438;&#x43A;i&#x432; i &#x43C;&#x438;&#x442;&#x446;i&#x432; &#x43D;&#x43E;&#x432;i&#x442;&#x43D;&#x44C;&#x43E;&#xEF; &#x434;&#x43E;&#x431;&#x438; &#x432; &#x43F;&#x43E;&#x43B;i&#x43A;&#x443;&#x43B;&#x44C;&#x442;&#x443;&#x440;&#x43D;&#x43E;&#x43C;&#x443; &#x441;&#x435;&#x440;&#x435;&#x434;&#x43E;&#x432;&#x438;&#x449;i</subfield>
    <subfield code="e">&#x437;&#x431;i&#x440;&#x43D;&#x438;&#x43A; &#x43D;&#x430;&#x443;&#x43A;&#x43E;&#x432;&#x438;&#x445; &#x43F;&#x440;&#x430;&#x446;&#x44C;</subfield>
    <subfield code="e">(&#x43C;&#x430;&#x442;&#x435;&#x440;i&#x430;&#x43B;&#x44B; i &#x442;&#x435;&#x437;&#x438; &#x43A;&#x43E;&#x43D;&#x444;&#x435;&#x440;&#x435;&#x43D;&#x446;i&#xEF;)</subfield>
    <subfield code="f">&#x41A;&#x440;&#x44B;&#x43C;&#x441;&#x44C;&#x43A;&#x438;&#x439; &#x444;&#x435;&#x434;&#x435;&#x440;&#x430;&#x43B;&#x44C;&#x43D;&#x438;&#x439; &#x443;&#x43D;i&#x432;&#x435;&#x440;&#x441;&#x438;&#x442;&#x435;&#x442; i&#x43C;&#x435;&#x43D;i &#x412;.&#x418;. &#x412;&#x435;&#x440;&#x43D;&#x430;&#x434;&#x441;&#x44C;&#x43A;&#x43E;&#x433;&#x43E;, I&#x43D;&#x441;&#x442;&#x438;&#x442;&#x443;&#x442; &#x444;i&#x43B;&#x43E;&#x43B;&#x43E;&#x433;i&#xEF;&#x438;, &#x41A;&#x430;&#x444;&#x435;&#x434;&#x440;&#x430; &#x443;&#x43A;&#x440;&#x430;&#xEF;&#x43D;&#x441;&#x43A;&#x43E;&#xEF; &#x444;i&#x43B;&#x43E;&#x43B;&#x43E;&#x433;i&#xEF;</subfield>
    <subfield code="g">&#x43D;&#x430;&#x443;&#x43A;. &#x440;&#x435;&#x434;. &#x41D;.&#x418;. &#x41F;&#x435;&#x43B;&#x438;&#x43F;&#x430;&#x441;&#x44C;</subfield>
  </datafield>
  <datafield tag="210" ind1=" " ind2=" ">
    <subfield code="a">&#x421;&#x438;&#x43C;&#x444;&#x435;&#x440;&#x43E;&#x43F;&#x43E;&#x43B;&#x44C;</subfield>
    <subfield code="c">&#x412;&#x438;&#x434;&#x430;&#x432;&#x43D;&#x438;&#x447;&#x438;&#x439; &#x434;&#x43E;&#x43C; &#x41A;&#x424;&#x423;</subfield>
    <subfield code="d">2021</subfield>
    <subfield code="e">&#x421;&#x438;&#x43C;&#x444;&#x435;&#x440;&#x43E;&#x43F;&#x43E;&#x43B;&#x44C;</subfield>
  </datafield>
  <datafield tag="215" ind1=" " ind2=" ">
    <subfield code="a">119 &#x441;.</subfield>
    <subfield code="c">&#x438;&#x43B;.</subfield>
    <subfield code="d">21</subfield>
  </datafield>
  <datafield tag="300" ind1=" " ind2=" ">
    <subfield code="a">&#x422;&#x435;&#x43A;&#x441;&#x442; &#x43D;&#x430; &#x443;&#x43A;&#x440;. &#x438; &#x440;&#x443;&#x441;. &#x44F;&#x437;.</subfield>
  </datafield>
  <datafield tag="320" ind1=" " ind2=" ">
    <subfield code="a">&#x411;&#x438;&#x431;&#x43B;&#x438;&#x43E;&#x433;&#x440;. &#x432; &#x43A;&#x43E;&#x43D;&#x446;&#x435; &#x441;&#x442;.</subfield>
  </datafield>
  <datafield tag="600" ind1=" " ind2="1">
    <subfield code="a">&#x423;&#x43A;&#x440;&#x430;&#x438;&#x43D;&#x43A;&#x430;</subfield>
    <subfield code="b">&#x41B;.</subfield>
    <subfield code="g">&#x41B;&#x435;&#x441;&#x44F;</subfield>
    <subfield code="f">1871 - 1913</subfield>
    <subfield code="j">&#x421;&#x44A;&#x435;&#x437;&#x434;&#x44B;, &#x441;&#x43E;&#x432;&#x435;&#x449;&#x430;&#x43D;&#x438;&#x44F; &#x438; &#x442;.&#x43F;.</subfield>
    <subfield code="2">nlr_sh1</subfield>
    <subfield code="2">nlr_sh2</subfield>
    <subfield code="3">RU\NLR\AUTH\66635607</subfield>
  </datafield>
  <datafield tag="606" ind1="1" ind2=" ">
    <subfield code="a">&#x423;&#x43A;&#x440;&#x430;&#x438;&#x43D;&#x441;&#x43A;&#x430;&#x44F; &#x43B;&#x438;&#x442;&#x435;&#x440;&#x430;&#x442;&#x443;&#x440;&#x430;</subfield>
    <subfield code="j">&#x421;&#x44A;&#x435;&#x437;&#x434;&#x44B;, &#x441;&#x43E;&#x432;&#x435;&#x449;&#x430;&#x43D;&#x438;&#x44F; &#x438; &#x442;.&#x43F;.</subfield>
    <subfield code="2">nlr_sh1</subfield>
    <subfield code="2">nlr_sh2</subfield>
    <subfield code="3">RU\NLR\AUTH\66278389</subfield>
  </datafield>
  <datafield tag="606" ind1="1" ind2=" ">
    <subfield code="a">&#x420;&#x443;&#x441;&#x441;&#x43A;&#x430;&#x44F; &#x441;&#x43E;&#x432;&#x435;&#x442;&#x441;&#x43A;&#x430;&#x44F; &#x43B;&#x438;&#x442;&#x435;&#x440;&#x430;&#x442;&#x443;&#x440;&#x430;</subfield>
    <subfield code="j">&#x421;&#x44A;&#x435;&#x437;&#x434;&#x44B;, &#x441;&#x43E;&#x432;&#x435;&#x449;&#x430;&#x43D;&#x438;&#x44F; &#x438; &#x442;.&#x43F;</subfield>
    <subfield code="2">nlr_sh1</subfield>
    <subfield code="2">nlr_sh2</subfield>
    <subfield code="3">RU\NLR\AUTH\66496</subfield>
  </datafield>
  <datafield tag="686" ind1="1" ind2=" ">
    <subfield code="a">&#x428;5(2=&#x423;&#x43A;)5-4&#x423;&#x43A;&#x440;&#x430;&#x438;&#x43D;&#x43A;&#x430;.&#x44F;434</subfield>
  </datafield>
  <datafield tag="686" ind1="1" ind2=" ">
    <subfield code="a">&#x428;5(2=&#x423;&#x43A;)&#x44F;431</subfield>
  </datafield>
  <datafield tag="686" ind1="2" ind2=" ">
    <subfield code="a">&#x428;5(2=&#x420;)7&#x44F;431</subfield>
  </datafield>
  <datafield tag="702" ind1=" " ind2="1">
    <subfield code="a">&#x41F;&#x435;&#x43B;&#x438;&#x43F;&#x430;&#x441;&#x44C;</subfield>
    <subfield code="b">&#x41D;. &#x418;.</subfield>
    <subfield code="f">1974-</subfield>
    <subfield code="g">&#x41D;&#x438;&#x43A;&#x43E;&#x43B;&#x430;&#x439; &#x418;&#x432;&#x430;&#x43D;&#x43E;&#x432;&#x438;&#x447;</subfield>
    <subfield code="4">340</subfield>
  </datafield>
  <datafield tag="702" ind1=" " ind2="1">
    <subfield code="a">&#x423;&#x43A;&#x440;&#x430;&#xEF;&#x43D;&#x43A;&#x430;</subfield>
    <subfield code="b">&#x41B;.</subfield>
    <subfield code="f">1871-1913</subfield>
    <subfield code="g">&#x41B;&#x435;&#x441;&#x44F;</subfield>
    <subfield code="3">RU\NLR\AUTH\7790949</subfield>
    <subfield code="4">280</subfield>
  </datafield>
  <datafield tag="711" ind1="1" ind2="2">
    <subfield code="a">"&#x422;&#x432;&#x43E;&#x440;&#x447;&#x456;&#x441;&#x442;&#x44C; &#x41B;&#x435;&#x441;&#x456; &#x423;&#x43A;&#x440;&#x430;&#x457;&#x43D;&#x43A;&#x438; &#x442;&#x430; &#x456;&#x43D;&#x448;&#x438;&#x445; &#x43F;&#x438;&#x441;&#x44C;&#x43C;&#x435;&#x43D;&#x43D;&#x438;&#x43A;&#x456;&#x432; &#x456; &#x43C;&#x438;&#x442;&#x446;i&#x432; &#x43D;&#x43E;&#x432;&#x456;&#x442;&#x43D;&#x44C;&#x43E;&#x457; &#x434;&#x43E;&#x431;&#x438; &#x432; &#x43F;&#x43E;&#x43B;&#x456;&#x43A;&#x443;&#x43B;&#x44C;&#x442;&#x443;&#x440;&#x43D;&#x43E;&#x43C;&#x443; &#x441;&#x435;&#x440;&#x435;&#x434;&#x43E;&#x432;&#x438;&#x449;&#x456;", &#x43D;&#x430;&#x443;&#x43A;&#x43E;&#x432;&#x43E;-&#x43F;&#x440;&#x430;&#x43A;&#x442;&#x438;&#x447;&#x43D;&#x430; &#x43A;&#x43E;&#x43D;&#x444;&#x435;&#x440;&#x435;&#x43D;&#x446;&#x456;&#x44F;</subfield>
    <subfield code="d">20</subfield>
    <subfield code="f">2021</subfield>
    <subfield code="e">&#x421;&#x456;&#x43C;&#x444;&#x435;&#x440;&#x43E;&#x43F;&#x43E;&#x43B;&#x44C;</subfield>
    <subfield code="3">RU\NLR\AUTH\880567857</subfield>
  </datafield>
  <datafield tag="712" ind1="0" ind2="2">
    <subfield code="a">&#x41A;&#x440;&#x438;&#x43C;&#x441;&#x44C;&#x43A;&#x438;&#x439; &#x444;&#x435;&#x434;&#x435;&#x440;&#x430;&#x43B;&#x44C;&#x43D;&#x438;&#x439; &#x443;&#x43D;&#x456;&#x432;&#x435;&#x440;&#x441;&#x438;&#x442;&#x435;&#x442; &#x456;&#x43C;. &#x412;. &#x406;. &#x412;&#x435;&#x440;&#x43D;&#x430;&#x434;&#x441;&#x44C;&#x43A;&#x43E;&#x433;&#x43E;</subfield>
    <subfield code="c">&#x421;i&#x43C;&#x444;&#x435;&#x440;&#x43E;&#x43F;&#x43E;&#x43B;&#x44C;</subfield>
    <subfield code="b">&#x406;&#x43D;&#x441;&#x442;&#x438;&#x442;&#x443;&#x442; &#x444;&#x456;&#x43B;&#x43E;&#x43B;&#x43E;&#x433;&#x456;&#x457;</subfield>
    <subfield code="b">&#x41A;&#x430;&#x444;&#x435;&#x434;&#x440;&#x430; &#x443;&#x43A;&#x440;&#x430;&#x457;&#x43D;&#x441;&#x44C;&#x43A;&#x43E;&#x439; &#x444;&#x456;&#x43B;&#x43E;&#x43B;&#x43E;&#x433;&#x456;&#x457;</subfield>
    <subfield code="3">RU\NLR\AUTH\880561259</subfield>
    <subfield code="4">570</subfield>
  </datafield>
  <datafield tag="942" ind1=" " ind2=" ">
    <subfield code="c">BOOK</subfield>
  </datafield>
  <datafield tag="980" ind1=" " ind2=" ">
    <subfield code="a">NB</subfield>
  </datafield>
  <datafield tag="995" ind1=" " ind2=" ">
    <subfield code="5">2022-05-18</subfield>
    <subfield code="a">ad</subfield>
    <subfield code="b">NLR01</subfield>
    <subfield code="c">NLR01</subfield>
    <subfield code="e">RF81</subfield>
    <subfield code="f">1-3802993</subfield>
    <subfield code="k">2022-3/12976</subfield>
    <subfield code="o">0</subfield>
    <subfield code="r">BOOK</subfield>
    <subfield code="s">2022312976_</subfield>
  </datafield>
  <datafield tag="995" ind1=" " ind2=" ">
    <subfield code="5">2022-05-18</subfield>
    <subfield code="a">ad</subfield>
    <subfield code="b">NLR01</subfield>
    <subfield code="c">NLR01</subfield>
    <subfield code="e">OBM</subfield>
    <subfield code="f">1-3802994</subfield>
    <subfield code="o">0</subfield>
    <subfield code="r">BOOK</subfield>
  </datafield>
</record>
